000 00654nam a2200217Ia 4500
005 20241129104158.0
008 241129s9999||||xx |||||||||||||| ||und||
020 _a9780226815909
037 _aTextual
040 _aRTL
_beng
_cRTL
041 _aeng
_2eng
084 _aX9(M97).1 R2
_qRTL
100 _aBenzecry Claudio E
_9725117
245 0 _aPerfect fit: Creative work in the global shoe industry
_cBenzecry Claudio E
260 _aLondon
_bUniversity of Chicago Press
_c2022
300 _a259p.
365 _aINR
_b2923.9
650 _aGlobal Shoe Industry
_9725118
942 _cTB
_hX9(M97).1 R2
999 _c1224755
_d1224755